Ballon d'Or : African players ranked since 1995 - Statistics

General Stats
  • This quiz has been taken 531 times
  • The average score is 32 of 41
Answer Stats
Year Rank Player Club Nationality % Correct
23rd Sadio Mané Liverpool Senegal
98%
22nd Sadio Mané Liverpool Senegal
98%
1995 1st George Weah Paris Saint-Germain / AC Milan Liberia
97%
12th George Weah AC Milan Liberia
97%
2018 6th Mohamed Salah Liverpool Egypt
97%
14th Didier Drogba Chelsea Côte d'Ivoire
96%
8th Didier Drogba Chelsea Côte d'Ivoire
96%
2007 4th Didier Drogba Chelsea Côte d'Ivoire
96%
21st Didier Drogba Chelsea Côte d'Ivoire
96%
9th Didier Drogba Chelsea Côte d'Ivoire
96%
2010 9th Didier Drogba Chelsea Côte d'Ivoire
96%
2012 8th Didier Drogba Chelsea / Galatasaray Côte d'Ivoire
96%
2004 15th Samuel Eto'o Mallorca / Barcelona Cameroon
96%
2005 10th Samuel Eto'o Barcelona Cameroon
96%
2006 6th Samuel Eto'o Barcelona Cameroon
96%
30th Samuel Eto'o Barcelona Cameroon
96%
17th Samuel Eto'o Barcelona Cameroon
96%
2009 5th Samuel Eto'o Barcelona / Inter Milan Cameroon
96%
12th Samuel Eto'o Inter Milan Cameroon
96%
2011 8th Samuel Eto'o Inter Milan / Anzhi Makhashkala Cameroon
96%
17th Didier Drogba Olympique de Marseille / Chelsea Côte d'Ivoire
93%
28th Yaya Touré Barcelona Côte d'Ivoire
93%
12th Yaya Touré Manchester City Côte d'Ivoire
93%
2013 12th Yaya Touré Manchester City Côte d'Ivoire
93%
2014 14th Yaya Touré Manchester City Côte d'Ivoire
93%
2015 12th Yaya Touré Manchester City Côte d'Ivoire
93%
2016 7th Riyad Mahrez Leicester City Algeria
92%
11th Pierre-Emerick Aubameyang Borussia Dortmund Gabon
90%
2017 21st Pierre-Emerick Aubameyang Borussia Dortmund Gabon
90%
22nd Michael Essien Olympique Lyonnais / Chelsea Ghana
79%
24th Michael Essien Chelsea Ghana
79%
2008 12th Emmanuel Adebayor Arsenal Togo
71%
1996 11th Nwankwo Kanu Ajax Amsterdam / Inter Milan Nigeria
43%
1999 22nd Nwankwo Kanu Arsenal Nigeria
43%
18th Asamoah Gyan Stade Rennais / Sunderland Ghana
39%
21st El-Hadji Diouf RC Lens / Liverpool Senegal
37%
11th Frédéric Kanouté Sevilla Mali
30%
23rd Anthony Yeboah Eintracht Frankfurt / Leeds United Ghana
14%
21st Finidi George Ajax Amsterdam Nigeria
14%
2002 21st Papa Bouba Diop RC Lens Senegal
10%
1997 32nd Victor Ikpeba AS Monaco Nigeria
8%
No matching quizzes found
Score Distribution
Percent of People with Each Score
Percentile by Number Answered
Your Score History
You have not taken this quiz